| 000 | 01003nam a2200301 a 4500 | ||
|---|---|---|---|
| 001 | 58922 | ||
| 003 | BD-RjUL | ||
| 005 | 20211209080654.0 | ||
| 008 | 161220r19982003enka 001 0 eng d | ||
| 020 | _a0415304857 | ||
| 020 | _a0415304865 (pbk.) | ||
| 035 | _a(BD-RjUL)59046 | ||
| 040 |
_aBDS _beng _cBD-RjUL _dBD-RjUL |
||
| 041 | _aeng | ||
| 082 | 0 |
_a333.79 _223 _bELE 2003 |
|
| 100 | 1 |
_aElliott, David, _d1943- _9175204 |
|
| 245 | 1 | 0 |
_aEnergy, society and environment : _btechnology for a sustainable future / _cDavid Elliott. |
| 250 | _a2nd ed. | ||
| 260 |
_aLondon : _bRoutledge, _c2003. |
||
| 300 |
_axxx, 346 p. : _bill. ; _c24 cm. |
||
| 490 | _aRoutledge introductions to environment series | ||
| 504 | _aIncludes bibliographic references and index. | ||
| 650 | 0 |
_aEnergy consumption. _9175205 |
|
| 650 | 0 |
_aEnergy conservation. _9175206 |
|
| 650 | 0 |
_aPower resources _xEnvironmental aspects. _9175207 |
|
| 830 | 0 |
_aRoutledge introductions to environment series _9175208 |
|
| 942 |
_2ddc _cBK |
||
| 999 |
_c58922 _d58922 |
||